00788nam a2200265 a 4500001001300000003000900013005001700022008004100039020002300080082001600103100001800119245004000137260003300177300000900210500003500219505001000254650002700264650002800291700002300319700002100342902000800363942000700371952012900378999001500507nice12345678IN_TiNIC20260116013038.0050524s1988 newa grp 000 0 eng  a0025205 c57500a291.09bWAC aWach, Joachim aEssays in the History of Religions. aNew York bFree Press c1988 a202p aincludes index and biblioraphy2 aIndex aReligion and Sociology aReligion-Historiography1 aKitagawa, Joseph M1 aAlles, Gregory D bSRS cBK 001040708StackRoom-aHMIbHMId2008-04-11g575.00l3o291.09 WACp018962r2019-07-12s2019-07-09v575.00w2005-05-24yBK c9413d9413